| 000 | 00865cam a22001935a 4500 | ||
|---|---|---|---|
| 001 | L156110 | ||
| 008 | 120430s1859 xxk f 000 0 eng d | ||
| 035 | _a(Sirsi) u156110 | ||
| 041 | 0 | _aeng | |
| 100 | 1 | _aReid, John | |
| 245 | 0 | 4 |
_aThe young surveyor's preceptor and architect's and builder's guide _ba clear and comprehensive analysis of the art of architectural mensuration ; being a familiar practical system, by which the student may teach himself to ascertain correctly the dimensions, quantities, and value of every description of builder's work ... |
| 250 | _a2nd ed., rev., and carefully corr. | ||
| 260 |
_aLondon _bSimpkin, Marshall _c1859 |
||
| 300 |
_a193 p., 16 leaves of plates _bill., plans _c30 cm. |
||
| 583 |
_aCondition reviewed _c20120620 _lcondition level 4 |
||
| 651 | 4 |
_aGreat Britain _y1707- |
|
| 690 |
_aMeasurement _96256 |
||
| 942 | _n0 | ||
| 999 |
_c114038 _d114038 |
||